Los marxistas y la política / (Record no. 51680)

MARC details
000 -LEADER
campo de control de longitud fija 00736nam a2200229 i 4500
001 - NÚMERO DE CONTROL
campo de control 51680
003 - IDENTIFICADOR DE NÚMERO DE CONTROL
campo de control ES-MaACL
005 - FECHA Y HORA DE LA ÚLTIMA TRANSACCIÓN
campo de control 20230906162416.0
007 - CAMPO FIJO DE DESCRIPCIÓN FÍSICA--INFORMACIÓN GENERAL
campo de control de longitud fija t|
008 - DATOS DE LONGITUD FIJA--INFORMACIÓN GENERAL
campo de control de longitud fija 030814s1977 sp ||||1| spa d
245 04 - MENCIÓN DEL TÍTULO
Título Los marxistas y la política /
Mención de responsabilidad, etc. [Recopilación de textos] François Chatelet, Evelyne Pisier-Kouchner, Jean-Marie Vincent.
260 ## - PUBLICACIÓN, DISTRIBUCIÓN, ETC.
Lugar de publicación, distribución, etc. Madrid :
Nombre del editor, distribuidor, etc. Taurus,
Fecha de publicación, distribución, etc. 1977.
300 ## - DESCRIPCIÓN FÍSICA
Extensión 3 v. ;
Dimensiones 21 cm.
490 1# - MENCIÓN DE SERIE
Mención de serie Ensayistas ;
Designación de volumen o secuencia 151 ; 153
650 04 - PUNTO DE ACCESO ADICIONAL DE MATERIA--TÉRMINO DE MATERIA
Término de materia o nombre geográfico como elemento de entrada Marxismo.
9 (RLIN) 14803
700 1# - ENTRADA AGREGADA--NOMBRE PERSONAL
Nombre de persona Pisier-Kouchner, Evelyne.
9 (RLIN) 92374
700 1# - ENTRADA AGREGADA--NOMBRE PERSONAL
Nombre de persona Vincent, Jean-Marie.
9 (RLIN) 115309
700 0# - ENTRADA AGREGADA--NOMBRE PERSONAL
Nombre de persona Châtelet, François.
9 (RLIN) 38187
830 0# - PUNTO DE ACCESO ADICIONAL DE SERIE-TÍTULO UNIFORME
Título uniforme Ensayistas ;
Designación de volumen o secuencia 151 ; 153
9 (RLIN) 177257
852 ## - LOCALIZACIÓN
Ubicación ES-MaACL
Número de control de estantería A-7354-56
Holdings
Estatus retirado Estado de pérdida Estado de daño No para préstamo Biblioteca de origen Biblioteca actual Ubicación en estantería Fecha de adquisición Fuente de adquisición Total de préstamos Signatura topográfica completa Código de barras Visto por última vez Precio de reemplazo Tipo de ítem Koha
        Biblioteca del Ateneo de Madrid Biblioteca del Ateneo de Madrid Sala Pecera Planta 1 17/01/2008     A-7354-56 1054346 23/02/2023 23/02/2023 Libro impreso